1936 1534 1296 1052 1362 1968 1844 1320 1141 1346 1760 1913 1116 1980 1295 1208 1313 1286 1400 1242 1291 1562 1854 1455 1797 1034 1073 1155 1877 1621 1422 1403 1571 1344 1027 1733 1798 1453 1177 1646 1710 1531 1628 1973 1821 1678 1422 1979 1770 1965 1911 1116 1993 1359 1477 1144 1686 1969 1362 1819 1535 1427 1577 1951 1729 1144 1613 1347 1830 1776 1711 1493 1597 1710 1403 1142 1025 1896 1975 1950 1762 1342 1354 1981 1395 1491 1678 1502 1445 1232 1741 1787 1944 1368 1529 1621 1411 1666 1652 BCNSPRNW ULIB Ver.6.0+V

เปลี่ยนเป็นภาษาไทย

Change to English
 แสดงรายละเอียดบรรณานุกรม
  กลับหน้าหลัก

Brief Record : Get Marc (ISO 2709) : E-mail record : QR code < ปิดหน้าต่าง
LEADER : 00000nam 2200000uu 4500
001    13399113687
003     ULIB
008    111215s||||||||th 000 0 tha d
020    ^a9789062400
090    ^aนว.^bก892จ 2553
100 0  แก้วชวาลา
245 00 เจ้าสาวผยศรัก/^cแก้วชวาลา
250    พิมพ์ครั้งที่ 1
260    กรุงเทพฯ :^bแก้วชวาลา,^c25553
300    400 หน้า
710 1  แก้วชวาลา
945    ^p279^l0^i028036
995    ทศพร
999 ^a ทศพร
รายการนี้ยังไม่มีแท็ก
คุณยังไม่ได้ล็อกอิน คุณสามารถมีกิจกรรมร่วมกับเว็บไซต์ได้ แต่ต้องล็อกอินก่อน ::
  ล็อกอิน

รายการสื่อสารสนเทศ

ลำดับที่ ประเภท เลขเรียก/บาร์โค้ด สถานที่ สถานะ
1. นวนิยาย
นวนิยาย
นว. ก892จ 2553 ฉ.1 
  Barcode: 028036
ห้องสมุดวิทยาเขตสวรรค์ประชารักษ์
►นวนิยาย
บนชั้น
  ขอยืม

รายการใกล้เคียง
    ผู้แต่ง [แก้วชวาลา]

BibComment


ยังไม่เคยถูกคอมเมนท์

คอมเมนท์ทรัพยากรรายการนี้
  คอมเมนท์: เจ้าสาวผยศรัก แก้..


 Copyright 2026. Bcnsprnw @Library